| 000 | 00941nam a2200265 i 4500 | ||
|---|---|---|---|
| 001 | bg | ||
| 245 | 0 | 0 |
_aEntrepreneurship in economy / _csci. ed. Danuta Kopycińska ; University of Szczecin. Microeconomics Department. |
| 260 |
_aSzczecin : _bPRINTGROUP Daniel Krzanowski, _c2006. |
||
| 300 |
_a192 s. : _brys., wykr. ; _c24 cm. |
||
| 490 | 1 |
_aEconomics & Competition Policy. Monogrph ; _vNo 2 |
|
| 500 | _aStreszcz. przy art. | ||
| 504 | _aBibliogr. przy art. | ||
| 650 | 4 | _aPrzedsiębiorczość (postawa) | |
| 650 | 4 |
_aBezrobocie _xzapobieganie i zwalczanie _zEuropa _yod 1989 r. |
|
| 650 | 4 | _aMateriały konferencyjne | |
| 700 | 1 |
_aKOPYCIŃSKA, Danuta. _eRed. |
|
| 830 | 0 |
_aEconomics & Competition Policy. _pMonogrph |
|
| 020 | _a8360065373 | ||
| 040 | _cBPK | ||
| 041 | 0 | _aeng | |
| 080 | _a005.342:316.64:331.56/.57](4)"1989/..."(061) | ||
| 920 | _a83-60065-37-3 | ||
| 942 | _cKS | ||
| 008 | s pl f |000 0 pol | ||
| 999 |
_c53668 _d53668 |
||
| 856 |
_uhttp://koha.tu.koszalin.pl/cgi-bin/koha/opac-detail.pl?biblionumber=53668 _yKatalog online BPK |
||